<?xml version="1.0" encoding="UTF-8"?>
<record
    xmlns:xsi="http://www.w3.org/2001/XMLSchema-instance"
    xsi:schemaLocation="http://www.loc.gov/MARC21/slim http://www.loc.gov/standards/marcxml/schema/MARC21slim.xsd"
    xmlns="http://www.loc.gov/MARC21/slim">

  <leader>00745nam a22002057a 4500</leader>
  <datafield tag="952" ind1=" " ind2=" ">
    <subfield code="0">0</subfield>
    <subfield code="1">0</subfield>
    <subfield code="2">lcc</subfield>
    <subfield code="4">0</subfield>
    <subfield code="7">0</subfield>
    <subfield code="a">14</subfield>
    <subfield code="b">14</subfield>
    <subfield code="d">2016-04-01</subfield>
    <subfield code="l">420</subfield>
    <subfield code="m">2</subfield>
    <subfield code="o">KGF1789 A44 2016</subfield>
    <subfield code="p">14 003961</subfield>
    <subfield code="r">2020-03-07</subfield>
    <subfield code="s">2020-03-07</subfield>
    <subfield code="t">1</subfield>
    <subfield code="w">2012-10-28</subfield>
    <subfield code="y">LB</subfield>
  </datafield>
  <datafield tag="952" ind1=" " ind2=" ">
    <subfield code="0">0</subfield>
    <subfield code="1">0</subfield>
    <subfield code="2">lcc</subfield>
    <subfield code="4">0</subfield>
    <subfield code="7">0</subfield>
    <subfield code="a">14</subfield>
    <subfield code="b">14</subfield>
    <subfield code="d">2016-04-01</subfield>
    <subfield code="l">352</subfield>
    <subfield code="o">KGF1789 A44 2016</subfield>
    <subfield code="p">14 003962</subfield>
    <subfield code="r">2020-02-12</subfield>
    <subfield code="s">2020-02-12</subfield>
    <subfield code="t">2</subfield>
    <subfield code="w">2012-10-28</subfield>
    <subfield code="y">LB</subfield>
  </datafield>
  <datafield tag="952" ind1=" " ind2=" ">
    <subfield code="0">0</subfield>
    <subfield code="1">0</subfield>
    <subfield code="2">lcc</subfield>
    <subfield code="4">0</subfield>
    <subfield code="7">0</subfield>
    <subfield code="a">14</subfield>
    <subfield code="b">14</subfield>
    <subfield code="d">2016-04-01</subfield>
    <subfield code="l">270</subfield>
    <subfield code="o">KGF1789 A44 2016</subfield>
    <subfield code="p">14 003963</subfield>
    <subfield code="r">2020-03-02</subfield>
    <subfield code="s">2020-03-02</subfield>
    <subfield code="t">3</subfield>
    <subfield code="w">2012-10-28</subfield>
    <subfield code="y">LB</subfield>
  </datafield>
  <datafield tag="952" ind1=" " ind2=" ">
    <subfield code="0">0</subfield>
    <subfield code="1">0</subfield>
    <subfield code="2">lcc</subfield>
    <subfield code="4">0</subfield>
    <subfield code="7">0</subfield>
    <subfield code="a">14</subfield>
    <subfield code="b">14</subfield>
    <subfield code="d">2014-06-03</subfield>
    <subfield code="l">171</subfield>
    <subfield code="m">1</subfield>
    <subfield code="o">KGF1789 A28 2014</subfield>
    <subfield code="p">14 004311</subfield>
    <subfield code="r">2017-05-02</subfield>
    <subfield code="s">2017-05-02</subfield>
    <subfield code="t">4</subfield>
    <subfield code="w">2012-10-28</subfield>
    <subfield code="y">LB</subfield>
  </datafield>
  <datafield tag="952" ind1=" " ind2=" ">
    <subfield code="0">0</subfield>
    <subfield code="1">0</subfield>
    <subfield code="2">lcc</subfield>
    <subfield code="4">0</subfield>
    <subfield code="7">0</subfield>
    <subfield code="a">14</subfield>
    <subfield code="b">14</subfield>
    <subfield code="d">2016-04-01</subfield>
    <subfield code="l">239</subfield>
    <subfield code="m">1</subfield>
    <subfield code="o">KGF1789 A44 2016</subfield>
    <subfield code="p">14 004312</subfield>
    <subfield code="r">2020-03-07</subfield>
    <subfield code="s">2020-03-07</subfield>
    <subfield code="t">5</subfield>
    <subfield code="w">2012-10-28</subfield>
    <subfield code="y">LB</subfield>
  </datafield>
  <datafield tag="952" ind1=" " ind2=" ">
    <subfield code="0">0</subfield>
    <subfield code="1">0</subfield>
    <subfield code="2">lcc</subfield>
    <subfield code="4">0</subfield>
    <subfield code="7">0</subfield>
    <subfield code="a">07</subfield>
    <subfield code="b">07</subfield>
    <subfield code="d">2016-02-25</subfield>
    <subfield code="l">22</subfield>
    <subfield code="o">KGF1789 A28 2016</subfield>
    <subfield code="p">07 005630</subfield>
    <subfield code="r">2018-05-04</subfield>
    <subfield code="s">2018-05-04</subfield>
    <subfield code="t">10</subfield>
    <subfield code="w">2016-02-25</subfield>
    <subfield code="y">LB</subfield>
  </datafield>
  <datafield tag="952" ind1=" " ind2=" ">
    <subfield code="0">0</subfield>
    <subfield code="1">0</subfield>
    <subfield code="4">0</subfield>
    <subfield code="7">0</subfield>
    <subfield code="a">01</subfield>
    <subfield code="b">01</subfield>
    <subfield code="d">2016-11-09</subfield>
    <subfield code="l">127</subfield>
    <subfield code="o">344.7201026 M611a 2016</subfield>
    <subfield code="p">01 005374</subfield>
    <subfield code="r">2020-03-19</subfield>
    <subfield code="s">2020-03-19</subfield>
    <subfield code="t">1</subfield>
    <subfield code="w">2016-11-09</subfield>
    <subfield code="y">LB</subfield>
  </datafield>
  <datafield tag="999" ind1=" " ind2=" ">
    <subfield code="c">98866</subfield>
    <subfield code="d">98866</subfield>
  </datafield>
  <controlfield tag="008">160213b    2016MX |||||rl||| 00| 0 spa d</controlfield>
  <datafield tag="020" ind1=" " ind2=" ">
    <subfield code="a">9786074067231</subfield>
  </datafield>
  <datafield tag="050" ind1=" " ind2="4">
    <subfield code="a">KGF1789</subfield>
    <subfield code="b">A44 2016</subfield>
  </datafield>
  <datafield tag="082" ind1=" " ind2="4">
    <subfield code="a">344.7201026</subfield>
    <subfield code="b">M611a 2016</subfield>
  </datafield>
  <datafield tag="245" ind1="1" ind2=" ">
    <subfield code="a">Agenda Laboral</subfield>
  </datafield>
  <datafield tag="250" ind1=" " ind2=" ">
    <subfield code="a">25a. edici&#xF3;n</subfield>
  </datafield>
  <datafield tag="260" ind1=" " ind2=" ">
    <subfield code="a">M&#xE9;xico</subfield>
    <subfield code="b">: Editorial ISEF</subfield>
    <subfield code="c">, 2016</subfield>
  </datafield>
  <datafield tag="300" ind1=" " ind2=" ">
    <subfield code="a">varias</subfield>
  </datafield>
  <datafield tag="300" ind1=" " ind2=" ">
    <subfield code="a">Paginaci&#xF3;n var&#xED;a</subfield>
  </datafield>
  <datafield tag="500" ind1=" " ind2=" ">
    <subfield code="a">Esta edici&#xF3;n contiene las disposiciones publicadas hasta la fecha de impresi&#xF3;n de este producto</subfield>
  </datafield>
  <datafield tag="519" ind1=" " ind2=" ">
    <subfield code="a">Plan Flexible /</subfield>
    <subfield code="b">Derecho /</subfield>
    <subfield code="c">Derecho Laboral  /</subfield>
    <subfield code="d">(14 003961, 14 003962, 14 003963, 14 004311, 14 004312)</subfield>
  </datafield>
  <datafield tag="519" ind1=" " ind2=" ">
    <subfield code="a">Material Complementario /</subfield>
    <subfield code="d">(01 005374)</subfield>
  </datafield>
  <datafield tag="650" ind1="1" ind2="4">
    <subfield code="a">DERECHO LABORAL</subfield>
    <subfield code="v">LEGISLACI&#xD3;N</subfield>
    <subfield code="z">M&#xC9;XICO </subfield>
  </datafield>
  <datafield tag="942" ind1=" " ind2=" ">
    <subfield code="c">LB</subfield>
  </datafield>
</record>
